000 00780nam0a22002291 4500
001 rc\2764371
005 20260407080751.0
035 _a(NLR Aleph) 006890877
090 _a7145456
_c7145456
100 _a20110915d1940 |||y0rusy50 ca
101 0 _arus
102 _aRU
105 _aa z |||||
200 1 _aОпыт стахановцев Ярославского шинного завода
_e[Сб. статей стахановцев]
210 _aМосква
_cГосхимиздат
_d1940
_eЛенинград
215 _a162 с.
_cил., черт.
_d20 см.
710 0 2 _aЯрославский шинный завод
_3RU\NLR\AUTH\8810041152
_9581518
801 0 _aRU
_bNLR
_gpsbo
801 1 _aRU
_bELAR
_2rusmarc
852 _aNLR
_j40-3/696
942 _cBOOK
980 _aNB